000
00208nam a22000857a 4500
008
170626b xxu||||| |||| 00| 0 eng d
100
_9
3695
_a
Freeman. M
245
_a
Portrait Photography
260
_a
New Delhi
_c
2004
999
_c
7117
_d
7117